[Event "COL-ch sf (Women)"]
[Site "Medellin"]
[Date "2014.??.??"]
[Round "7"]
[White "Martinez, Laura Natalia"]
[Black "Medina, Angie Natali"]
[Result "0-1"]
[WhiteElo "1657"]
[BlackElo "1487"]
[PlyCount "27"]
[EventDate "2014.04.15"]
[EventType "swiss"]
[EventRounds "9"]
[EventCountry "COL"]
[SourceTitle "CBM 160 Extra"]
[Source "ChessBase"]
[SourceDate "2014.07.01"]
[SourceVersion "1"]
[SourceVersionDate "2014.07.01"]
[SourceQuality "1"]

1. c4 Nc6 2. e4 e5 3. Nc3 Nf6 4. d3 Bc5 5. Bg5 h6 6. Bxf6 Qxf6 7. Nf3 Nd4 8. Nd5 Qd6 9. a3 c6 10. Nc3 Bb6 11. Be2 Nxf3+ 12. Bxf3 Qf6 13. 0-0 0-0 14. h3 0-1

[Event "COL-ch sf (Women)"]
[Site "Medellin"]
[Date "2014.??.??"]
[Round "6"]
[White "Perez Valcarcel, Maria Jose"]
[Black "Medina, Angie Natali"]
[Result "1-0"]
[WhiteElo "1345"]
[BlackElo "1487"]
[PlyCount "59"]
[EventDate "2014.04.15"]
[EventType "swiss"]
[EventRounds "9"]
[EventCountry "COL"]
[SourceTitle "CBM 160 Extra"]
[Source "ChessBase"]
[SourceDate "2014.07.01"]
[SourceVersion "1"]
[SourceVersionDate "2014.07.01"]
[SourceQuality "1"]

1. e4 e5 2. Nf3 Nc6 3. d4 d6 4. dxe5 dxe5 5. Qxd8+ Nxd8 6. Nxe5 Bd6 7. Nc4 Nf6 8. Nc3 Be6 9. e5 Bxc4 10. exd6 Bxf1 11. dxc7 Nc6 12. Rxf1 0-0 13. Bf4 Rfe8+ 14. Be3 Rac8 15. 0-0-0 Rxc7 16. Nb5 Rce7 17. Nd6 Rd8 18. Nf5 Rxd1+ 19. Rxd1 Re5 20. Nd4 a6 21. Nxc6 bxc6 22. Bd4 Rd5 23. Bxf6 Rxd1+ 24. Kxd1 gxf6 25. Kd2 Kf8 26. Kc3 Ke7 27. Kb4 h5 28. Ka5 f5 29. Kxa6 f4 30. f3 1-0